Freguesias de Esposende - Statistics

Estatísticas Gerais
  • Esse quiz foi jogado 78 vezes
  • A pontuação média é 12 de 15
Estatísticas das Respostas
Freguesias % Correto
Apúlia
95%
Esposende
95%
Belinho
89%
Fão
89%
Mar
89%
Marinhas
89%
Antas
81%
Gandra
78%
Forjães
76%
Palmeira de Faro
76%
Vila Chã
76%
Curvos
73%
Fonte Boa
73%
Rio Tinto
70%
Gemeses
68%
Nenhum quiz correspondente encontrado
Distribuição das Pontuações
Porcentagem de Pessoas com Cada Pontuação
Percentil de Números Respondidos
Sua Pontuação Histórica
Você não jogou esse quiz